Central Library OPAC University of Rajshahi

alhakam alsaltaniya ;; الاحکام السلطانیہ / (Record no. 86483)

MARC details
000 -LEADER
fixed length control field 00692nam a22002057a 4500
001 - CONTROL NUMBER
control field 86483
003 - CONTROL NUMBER IDENTIFIER
rucl marc code BD-RjUL
005 - DATE AND TIME OF LATEST TRANSACTION
control field 20260514145526.0
008 - FIXED-LENGTH DATA ELEMENTS--GENERAL INFORMATION
fixed length control field 260514s1931 pk ||||| |||| 00| 0 urd d
035 ## - SYSTEM CONTROL NUMBER
System control number (BD-RjUL)86483
040 ## - CATALOGING SOURCE
Original cataloging agency BD-RjUL
Language of cataloging eng
Transcribing agency BD-RjUL
041 ## - LANGUAGE CODE
Language code of text/sound track or separate title urd
082 ## - DEWEY DECIMAL CLASSIFICATION NUMBER
Edition number 23
Classification number 297.09
Author mark and year HAA 1931
100 ## - MAIN ENTRY--PERSONAL NAME
Personal name البصری، امام ابوالحسن علی ;; Al-Basri, Imam Abul-Hasan Ali
9 (RLIN) 18493
245 13 - TITLE STATEMENT
Title alhakam alsaltaniya ;; الاحکام السلطانیہ /
Statement of responsibility, etc. امام ابوالحسن علی البصری ;; Imam Abul Hasan Ali Al-Basri
264 ## - PRODUCTION, PUBLICATION, DISTRIBUTION, MANUFACTURE, AND COPYRIGHT NOTICE
Place of production, publication, distribution, manufacture Hydarabad :
Name of producer, publisher, distributor, manufacturer matba usmaniah,
Date of production, publication, distribution, manufacture, or copyright notice 1931
300 ## - PHYSICAL DESCRIPTION
Pagination 403 p. ;
Size 23 cm
650 ## - SUBJECT ADDED ENTRY--TOPICAL TERM
Topical term or geographic name as entry element history
942 ## - ADDED ENTRY ELEMENTS (KOHA)
Source of classification or shelving scheme Dewey Decimal Classification
Koha item type Books
Holdings
Lost status Source of classification or shelving scheme Damaged status Not for loan Collection code Permanent Location Current Location Shelving location Date acquired Total Checkouts Full call number Date last seen Copy number Koha item type
  Dewey Decimal Classification   Not For Loan Non-fiction Central Library, University of Rajshahi Central Library, University of Rajshahi Reading Room 14/05/2026   U 297.09 BAA 1931 14/05/2026 C-1 Books